| 000 | 00885nam a2200253 4500 | ||
|---|---|---|---|
| 003 | MX-MxINE | ||
| 005 | 20260601171013.0 | ||
| 008 | 260424b19811999mx\a||||\||||\00|\0\spa\d | ||
| 020 | _a9688051179 | ||
| 040 |
_aICI _bspa _cICI _erda |
||
| 050 |
_aZ210 _bE54 |
||
| 100 | _eautor | ||
| 245 |
_aElementos tipograficos del siglo xviii / _cArchivo general de la nacion México ; investigacion y selec. del material zita basich |
||
| 264 |
_aMéxico : _bArchivo general de la nacion, _cc1981 |
||
| 300 | _a70 páginas | ||
| 336 |
_2rdacontent _atexto |
||
| 337 |
_2rdamedia _asin medio |
||
| 338 |
_2rdacarrier _avolumen |
||
| 490 | 0 | _aSerie de información grafica / archivo general de la nación | |
| 650 |
_aImprenta _xHistoria _ySiglo XVIII _zMexico _947 |
||
| 700 |
_aBasich Leija, Zita, _ecompilador |
||
| 710 | 2 |
_aArchivo General de la Nación (México) _99882 |
|
| 942 |
_2lcc _n1 _cB |
||
| 999 |
_c20577 _d20577 |
||